000 00457pab a2200157 454500
008 180718b2005 xxu||||| |||| 00| 0 eng d
100 _aGazley, Beth
245 _aVolunteer involvement in local government after September 11: the continuing question of capacity
260 _c2005
300 _ap.131-42.
362 _aMar-Apr
650 _aLocal government
700 _aBrudney, Jeffrey L.
773 _aPublic Administration Review
909 _a65843
999 _c65843
_d65843